[Event "11th EUR-ch"]
[Site "Rijeka CRO"]
[Date "2010.03.10"]
[Round "5"]
[White "Klasan, Elvis"]
[Black "Dujic, Davor"]
[Result "1-0"]
[WhiteElo "1995"]
[BlackElo "1598"]
[EventDate "2010.03.06"]
[PlyCount "59"]

1.Nf3 d5 2.b3 c5 3.Bb2 Nc6 4.e3 Bg4 5.Be2 Nf6 6.O-O e6 7.Ne5 Bxe2 8.Qxe2 
Bd6 9.Nxc6 bxc6 10.f4 O-O 11.d3 Qc7 12.g4 e5 13.g5 Nd7 14.f5 f6 15.h4 Be7 
16.Qg4 Rab8 17.Nd2 Qd8 18.g6 h6 19.e4 Re8 20.Nf3 Bf8 21.Rae1 Qc7 22.Bc1 
Nb6 23.Rf2 Rbd8 24.Rg2 Nc8 25.Qh5 Nd6 26.Nh2 Nb5 27.Kh1 Rd6 28.Bxh6 Re7 
29.Bg5 Nd4 30.Qh7# 1-0

[Event "11th EUR-ch"]
[Site "Rijeka CRO"]
[Date "2010.03.10"]
[Round "5"]
[White "Tica, Sven"]
[Black "Lanzani, Giuliano"]
[Result "1/2-1/2"]
[WhiteElo "1562"]
[BlackElo "1992"]
[EventDate "2010.03.06"]
[PlyCount "60"]

1.c4 c6 2.Nf3 d5 3.e3 Nf6 4.Nc3 e6 5.d4 a6 6.Qc2 c5 7.b3 Nc6 8.cxd5 Nxd5 
9.Nxd5 Qxd5 10.Bc4 Qh5 11.Bb2 cxd4 12.exd4 Bb4+ 13.Bc3 Qg6 14.O-O-O Ba3+ 
15.Kb1 Qxc2+ 16.Kxc2 Nb4+ 17.Bxb4 Bxb4 18.d5 b5 19.Be2 exd5 20.Rxd5 Be6 
21.Re5 Rc8+ 22.Kb1 Bc3 23.Re3 O-O 24.Bd3 Rfd8 25.Bc2 Bf6 26.Rd3 Rxd3 27.
Bxd3 Bd5 28.Rd1 Bxf3 29.gxf3 g6 30.Be4 Rd8 1/2-1/2

[Event "11th EUR-ch"]
[Site "Rijeka CRO"]
[Date "2010.03.10"]
[Round "5"]
[White "Durandeau, Jean-Marie"]
[Black "Mravic, Filip"]
[Result "1/2-1/2"]
[WhiteElo "2040"]
[BlackElo "1718"]
[EventDate "2010.03.06"]
[PlyCount "47"]

1.e4 e5 2.Nf3 Nf6 3.Nxe5 d6 4.Nf3 Nxe4 5.Nc3 Nxc3 6.dxc3 Be7 7.Bf4 Nc6 8.
Qd2 Be6 9.Bb5 a6 10.Bd3 h6 11.O-O-O Qd7 12.h4 O-O-O 13.Kb1 Kb8 14.Nd4 Nxd4
15.cxd4 Qa4 16.b3 Qxd4 17.Be3 Qd5 18.Qb4 Qc6 19.Be4 d5 20.Qxe7 Rd7 21.Bxd5
Bxd5 22.Qc5 Qxc5 23.Bxc5 Rhd8 24.Rhg1 1/2-1/2

[Event "11th EUR-ch"]
[Site "Rijeka CRO"]
[Date "2010.03.10"]
[Round "5"]
[White "Rafaelic, Denis"]
[Black "Zrilic, Bozo"]
[Result "0-1"]
[WhiteElo "1714"]
[BlackElo "1964"]
[EventDate "2010.03.06"]
[PlyCount "40"]

1.d4 e6 2.c4 Bb4+ 3.Bd2 c5 4.e3 f5 5.Nc3 cxd4 6.exd4 Nf6 7.Nf3 O-O 8.Qc2 
b6 9.Bd3 Bb7 10.O-O-O d5 11.cxd5 Bxc3 12.Bxc3 Bxd5 13.Kb1 Nc6 14.Ba6 b5 
15.Bxb5 Qb6 16.Qe2 Ne4 17.Ka1 Rab8 18.Bxc6 Qxc6 19.Be1 Qa4 20.b4 Rfc8 0-1

[Event "11th EUR-ch"]
[Site "Rijeka CRO"]
[Date "2010.03.10"]
[Round "5"]
[White "Tomulic, Teo"]
[Black "Srdoc, Nenad"]
[Result "1/2-1/2"]
[WhiteElo "1577"]
[BlackElo "1949"]
[EventDate "2010.03.06"]
[PlyCount "57"]

1.e4 c6 2.d4 d5 3.Nc3 dxe4 4.Nxe4 Nf6 5.Nxf6+ gxf6 6.Be3 Qc7 7.Qd2 Be6 8.
Nf3 Nd7 9.a3 Bg7 10.Bd3 h5 11.O-O-O b5 12.Rhe1 a5 13.Bf4 Qb6 14.Be4 O-O-O 
15.d5 cxd5 16.Bxd5 Nc5 17.Bxe6+ Nxe6 18.Qc3+ Kb7 19.Rxd8 Rxd8 20.Be3 Qc7 
21.Qb3 Qc4 22.Qxc4 bxc4 23.Bd2 Rd5 24.Bc3 Kc6 25.Nd2 Bh6 26.g3 Bxd2+ 27.
Bxd2 f5 28.Bc3 a4 29.Bb4 1/2-1/2

[Event "11th EUR-ch"]
[Site "Rijeka CRO"]
[Date "2010.03.11"]
[Round "6"]
[White "Timofeev, Artiom"]
[Black "Jobava, Baadur"]
[Result "0-1"]
[WhiteElo "2655"]
[BlackElo "2695"]
[EventDate "2010.03.06"]
[PlyCount "93"]

1.e4 c6 2.d4 d5 3.f3 Qb6 4.Nc3 dxe4 5.Nxe4 Bf5 6.c3 Nd7 7.Bd3 e5 8.Ne2 
exd4 9.cxd4 Bb4+ 10.Bd2 Ne7 11.O-O O-O 12.Kh1 Bxd2 13.Qxd2 Rad8 14.Rac1 
Bg6 15.Bc4 Qc7 16.b4 Nb6 17.Bb3 Nbd5 18.b5 Qb6 19.bxc6 Nxc6 20.Rc5 Ndb4 
21.Qc3 Na6 22.Rd5 Nc7 23.Rxd8 Rxd8 24.Qc5 Qxc5 25.Nxc5 Na5 26.Kg1 b6 27.
Ne4 Nxb3 28.axb3 f6 29.Kf2 Kf8 30.Rc1 Nd5 31.g4 Ke7 32.h4 Bf7 33.g5 a5 34.
gxf6+ gxf6 35.Rc6 Be6 36.Nd2 Rc8 37.Rxc8 Bxc8 38.Nc4 Ba6 39.Nc1 Kd7 40.Ne3
Nxe3 41.Kxe3 Bb7 42.Kf4 Ke6 43.Kg4 Kd5 44.Kf5 Kxd4 45.f4 Kc3 46.Kxf6 Kd2 
47.Ke5 0-1

[Event "11th EUR-ch"]
[Site "Rijeka CRO"]
[Date "2010.03.11"]
[Round "6"]
[White "Sutovsky, Emil"]
[Black "Almasi, Zoltan"]
[Result "0-1"]
[WhiteElo "2650"]
[BlackElo "2720"]
[EventDate "2010.03.06"]
[PlyCount "92"]

1.e4 e5 2.Nf3 Nc6 3.Nc3 Nf6 4.Bb5 Bd6 5.O-O O-O 6.d3 h6 7.a4 Re8 8.Bc4 Bf8
9.a5 a6 10.Ne2 d5 11.exd5 Nxd5 12.Ng3 Be6 13.Re1 Nf6 14.Bxe6 Rxe6 15.Bd2 
Qe8 16.Ne4 Nd5 17.c3 Qd7 18.Qb3 Rb8 19.h4 Nf6 20.Nxf6+ Rxf6 21.Nxe5 Qf5 
22.f4 Nxe5 23.Rxe5 Qxd3 24.Qd5 Qc2 25.Be3 Qxb2 26.Re1 Qxc3 27.Ba7 Ra8 28.
Re8 Rxe8 29.Rxe8 Qc1+ 30.Kh2 Qxf4+ 31.g3 Rd6 32.Rxf8+ Kxf8 33.Bc5 Kg8 34.
Bxd6 Qxd6 35.Qxb7 Qd2+ 36.Kh3 Qxa5 37.g4 Qc3+ 38.Kg2 Qc2+ 39.Kh3 Qd3+ 40.
Kg2 Qe2+ 41.Kh3 Qe3+ 42.Kg2 Qf4 43.Qc8+ Kh7 44.h5 a5 45.Qd7 Qe4+ 46.Kg3 f6
0-1

[Event "11th EUR-ch"]
[Site "Rijeka CRO"]
[Date "2010.03.11"]
[Round "6"]
[White "Vallejo Pons, Francisco"]
[Black "Zviagintsev, Vadim"]
[Result "1/2-1/2"]
[WhiteElo "2708"]
[BlackElo "2643"]
[EventDate "2010.03.06"]
[PlyCount "40"]

1.e4 e6 2.d4 d5 3.Nc3 Nf6 4.Bg5 Be7 5.e5 Nfd7 6.h4 Nc6 7.f4 Nb6 8.Qd2 h6 
9.Bxe7 Qxe7 10.Nf3 Bd7 11.Nd1 O-O-O 12.Ne3 f6 13.c3 Rdf8 14.Bd3 Be8 15.Ke2
Qd7 16.h5 fxe5 17.fxe5 Ne7 18.Qc2 Bf7 19.g4 Qe8 20.Nh4 c5 1/2-1/2

[Event "11th EUR-ch"]
[Site "Rijeka CRO"]
[Date "2010.03.11"]
[Round "6"]
[White "Naiditsch, Arkadij"]
[Black "Vuckovic, Bojan"]
[Result "0-1"]
[WhiteElo "2691"]
[BlackElo "2630"]
[EventDate "2010.03.06"]
[PlyCount "98"]

1.e4 c6 2.d4 d5 3.exd5 cxd5 4.c4 Nf6 5.Nc3 g6 6.Qb3 Bg7 7.cxd5 O-O 8.Be2 
a5 9.Bf3 Na6 10.a3 b5 11.Qxb5 Nc7 12.Qb3 a4 13.Nxa4 Ncxd5 14.Ne2 Qa5+ 15.
Nac3 Be6 16.Qd1 Rab8 17.O-O Rfc8 18.Na4 Nd7 19.b4 Qa7 20.Nf4 Rxc1 21.Qxc1 
Nxf4 22.Qxf4 Qxa4 23.Rae1 Qxa3 24.d5 Bf5 25.Rxe7 Qxb4 26.Qxb4 Rxb4 27.h3 
Bf8 28.Re8 h5 29.Rd1 Kg7 30.d6 Rb6 31.g4 Be6 32.gxh5 gxh5 33.Bxh5 Bxd6 34.
Bg4 Nf6 35.Rd8 Be7 36.R8d4 Bc5 37.Rf4 Nxg4 38.hxg4 Rb2 39.Rd3 Kg6 40.Kg2 
Bb6 41.Rc3 Rd2 42.Rc6 Kg5 43.Rxb6 Kxf4 44.Rb4+ Ke5 45.Kg3 Rd4 46.Rb5+ Bd5 
47.f4+ Ke4 48.f5 Rd3+ 49.Kh4 Kf4 0-1

[Event "11th EUR-ch"]
[Site "Rijeka CRO"]
[Date "2010.03.11"]
[Round "6"]
[White "Kurnosov, Igor"]
[Black "Iordachescu, Viorel"]
[Result "1/2-1/2"]
[WhiteElo "2674"]
[BlackElo "2621"]
[EventDate "2010.03.06"]
[PlyCount "35"]

1.e4 c6 2.d4 d5 3.e5 Bf5 4.Nd2 e6 5.Nb3 Nd7 6.Nf3 Bg6 7.Be2 Rc8 8.O-O Nh6 
9.c3 Nf5 10.g4 Ne7 11.Nh4 c5 12.Nxg6 hxg6 13.f4 Nc6 14.Be3 cxd4 15.cxd4 
Nb6 16.Nd2 Bb4 17.Nf3 Nc4 18.Bc1 1/2-1/2

[Event "11th EUR-ch"]
[Site "Rijeka CRO"]
[Date "2010.03.11"]
[Round "6"]
[White "Mamedov, Rauf"]
[Black "Areschenko, Alexander"]
[Result "1-0"]
[WhiteElo "2639"]
[BlackElo "2670"]
[EventDate "2010.03.06"]
[PlyCount "59"]

1.c4 Nf6 2.Nc3 d5 3.cxd5 Nxd5 4.Nf3 g6 5.g3 Bg7 6.Bg2 Nb6 7.O-O Nc6 8.d3 
O-O 9.Be3 e5 10.Rc1 Re8 11.Ne4 Nd5 12.Bg5 f6 13.Bd2 Kh8 14.Qb3 Nb6 15.Nc5 
a5 16.a3 a4 17.Qc2 Qe7 18.e4 Rd8 19.Be3 Qf8 20.Rfd1 Bh6 21.Qc3 Ra5 22.d4 
exd4 23.Nxd4 Bxe3 24.fxe3 Nxd4 25.exd4 Ra8 26.Rf1 Qe7 27.d5 Rd6 28.Rce1 
Nd7 29.Nxd7 Bxd7 30.e5 1-0

[Event "11th EUR-ch"]
[Site "Rijeka CRO"]
[Date "2010.03.11"]
[Round "6"]
[White "Lupulescu, Constantin"]
[Black "Georgiev, Kiril"]
[Result "1/2-1/2"]
[WhiteElo "2598"]
[BlackElo "2669"]
[EventDate "2010.03.06"]
[PlyCount "31"]

1.e4 e5 2.Nc3 Nf6 3.g3 d5 4.exd5 Nxd5 5.Bg2 Nxc3 6.bxc3 Nc6 7.Nf3 Bc5 8.
O-O O-O 9.d3 Bg4 10.h3 Bh5 11.g4 Bg6 12.Qe2 Re8 13.Ng5 h6 14.Ne4 Bb6 15.
Kh1 Ne7 16.c4 1/2-1/2

[Event "11th EUR-ch"]
[Site "Rijeka CRO"]
[Date "2010.03.11"]
[Round "6"]
[White "Berg, Emanuel"]
[Black "Inarkiev, Ernesto"]
[Result "1/2-1/2"]
[WhiteElo "2594"]
[BlackElo "2667"]
[EventDate "2010.03.06"]
[PlyCount "27"]

1.e4 e5 2.Nf3 Nc6 3.d4 exd4 4.Nxd4 Bc5 5.Nxc6 Qf6 6.Qf3 bxc6 7.Nd2 d6 8.
Bd3 Qxf3 9.gxf3 Ne7 10.Nb3 Bb6 11.a4 a5 12.Be3 f5 13.Bxb6 cxb6 14.O-O-O 
1/2-1/2

[Event "11th EUR-ch"]
[Site "Rijeka CRO"]
[Date "2010.03.11"]
[Round "6"]
[White "Riazantsev, Alexander"]
[Black "Ter-Sahakian, Samvel"]
[Result "1-0"]
[WhiteElo "2660"]
[BlackElo "2513"]
[EventDate "2010.03.06"]
[PlyCount "81"]

1.d4 d5 2.c4 c6 3.Nc3 Nf6 4.e3 e6 5.Nf3 Nbd7 6.Qc2 Bd6 7.Bd3 O-O 8.O-O 
dxc4 9.Bxc4 a6 10.Rd1 Qe7 11.a3 b5 12.Be2 e5 13.e4 Re8 14.Bg5 h6 15.Bh4 g5
16.Bg3 g4 17.dxe5 Nxe5 18.Nd4 Bc5 19.Qc1 Kg7 20.Bf4 Nh5 21.Bxh6+ Kg6 22.
Nxc6 Nxc6 23.Nd5 Bxf2+ 24.Kxf2 Qh4+ 25.Kg1 Ne5 26.Bf4 Bb7 27.g3 Qd8 28.
Bxe5 Rxe5 29.Bxg4 Bxd5 30.exd5 Nf6 31.Bf3 Qb6+ 32.Kg2 Rae8 33.Qd2 Kg7 34.
Qd4 Qd6 35.Rac1 Qd7 36.Rd2 Qf5 37.d6 Rh8 38.h4 Rhe8 39.Rf1 Qe6 40.Rff2 Rd8
41.Rfe2 1-0

[Event "11th EUR-ch"]
[Site "Rijeka CRO"]
[Date "2010.03.11"]
[Round "6"]
[White "Szabo, Gergely-Andras-Gyula"]
[Black "Khismatullin, Denis"]
[Result "1/2-1/2"]
[WhiteElo "2525"]
[BlackElo "2657"]
[EventDate "2010.03.06"]
[PlyCount "88"]

1.e4 d6 2.d4 Nf6 3.Bd3 e5 4.Nf3 exd4 5.Nxd4 g6 6.Bg5 Bg7 7.Qd2 h6 8.Be3 
Ng4 9.c3 Nxe3 10.Qxe3 Qg5 11.Qxg5 hxg5 12.Nd2 Nc6 13.Nxc6 bxc6 14.O-O-O g4
15.Rde1 Rb8 16.f4 gxf3 17.Nxf3 Be6 18.Nd4 Bxd4 19.cxd4 Bxa2 20.Kc2 Rb7 21.
Kc3 Kd7 22.b4 a5 23.bxa5 Rb3+ 24.Kc2 Rhb8 25.a6 Rb2+ 26.Kc1 Rxg2 27.Reg1 
Rxg1+ 28.Rxg1 Be6 29.Kc2 Rh8 30.Rh1 Ke7 31.Kc3 Ra8 32.h4 Bc8 33.Ra1 Ra7 
34.Ra5 Be6 35.Kd2 Ra8 36.Ke3 Rh8 37.Be2 Rb8 38.Kf4 Bc8 39.Bd3 Rb3 40.Ke3 
Rb8 41.Kf4 Ra8 42.Be2 Ra7 43.Kg5 Be6 44.Kf4 Bc8 1/2-1/2

[Event "11th EUR-ch"]
[Site "Rijeka CRO"]
[Date "2010.03.11"]
[Round "6"]
[White "Pelletier, Yannick"]
[Black "Akopian, Vladimir"]
[Result "0-1"]
[WhiteElo "2611"]
[BlackElo "2688"]
[EventDate "2010.03.06"]
[PlyCount "100"]

1.Nf3 Nf6 2.c4 g6 3.Nc3 Bg7 4.e4 d6 5.d4 O-O 6.Be2 Nbd7 7.O-O e5 8.Be3 Qe7
9.Qc2 exd4 10.Nxd4 c6 11.Rad1 Re8 12.Bg5 h6 13.Bh4 Nc5 14.f3 a5 15.Kh1 Qf8
16.Rfe1 Nh5 17.Bf2 Nf4 18.Bf1 a4 19.Qd2 Nfe6 20.Nde2 Nd7 21.Qxd6 Qxd6 22.
Rxd6 Ne5 23.b3 axb3 24.axb3 Bf8 25.Rd2 Bb4 26.Rb1 Nc5 27.Rc2 Ned3 28.Be3 
f5 29.Nf4 Nxf4 30.Bxf4 fxe4 31.Na2 Ba3 32.b4 exf3 33.Rd1 Bf5 34.Rf2 Ne4 
35.Rxf3 Bg4 36.Kg1 Bb2 37.c5 Bxf3 38.Bc4+ Kh8 39.gxf3 Ng5 40.Kg2 Ra3 41.
Bxg5 hxg5 42.Rd7 g4 43.fxg4 Re4 44.Bf7 Rxg4+ 45.Kf1 Bd4 46.Rxb7 Rg1+ 47.
Ke2 Re3+ 48.Kd2 Rg2+ 49.Kd1 Rd3+ 50.Ke1 Bf6 0-1

[Event "11th EUR-ch"]
[Site "Rijeka CRO"]
[Date "2010.03.11"]
[Round "6"]
[White "Volokytin, Andriy"]
[Black "Safarli, Eltaj"]
[Result "1/2-1/2"]
[WhiteElo "2687"]
[BlackElo "2606"]
[EventDate "2010.03.06"]
[PlyCount "83"]

1.e4 e5 2.Nf3 Nc6 3.Bb5 a6 4.Bxc6 dxc6 5.O-O Qf6 6.d4 exd4 7.Bg5 Qd6 8.
Nxd4 Bd7 9.Bh4 Qh6 10.Nf3 Bg4 11.Bg3 Bd6 12.e5 Bc5 13.Qd3 Bb6 14.Nbd2 Ne7 
15.Nc4 O-O 16.Nxb6 cxb6 17.Qd6 Qxd6 18.exd6 Nf5 19.Ne5 Nxg3 20.hxg3 Be6 
21.f4 f6 22.f5 Bxf5 23.Rxf5 fxe5 24.Rxe5 Rae8 25.Rae1 Rxe5 26.Rxe5 Rd8 27.
Re7 Rxd6 28.Rxb7 Rd1+ 29.Kh2 b5 30.Rb6 Rb1 31.b3 Rb2 32.Rxc6 Rxa2 33.g4 a5
34.Rc5 a4 35.Rxb5 Rxc2 36.bxa4 Rc4 37.a5 Rxg4 38.a6 Ra4 39.Rb8+ Kf7 40.
Rb7+ Kf6 41.a7 h5 42.Kg3 1/2-1/2

[Event "11th EUR-ch"]
[Site "Rijeka CRO"]
[Date "2010.03.11"]
[Round "6"]
[White "Caruana, Fabiano"]
[Black "Salgado Lopez, Ivan"]
[Result "1-0"]
[WhiteElo "2680"]
[BlackElo "2592"]
[EventDate "2010.03.06"]
[PlyCount "69"]

1.e4 Nf6 2.e5 Nd5 3.d4 d6 4.Nf3 dxe5 5.Nxe5 c6 6.Bc4 Nd7 7.Nf3 N7b6 8.Be2 
Bg4 9.O-O e6 10.h3 Bh5 11.Ne5 Bxe2 12.Qxe2 Be7 13.c4 Nf6 14.Rd1 O-O 15.Nc3
a5 16.Bf4 a4 17.Rd3 Re8 18.Rad1 Nbd7 19.Qf3 Qa5 20.g4 h6 21.h4 Nxe5 22.
dxe5 Nh7 23.g5 a3 24.b3 Rad8 25.gxh6 g6 26.Rd7 Rxd7 27.Rxd7 Bxh4 28.Rxb7 
Rf8 29.Ne4 Qe1+ 30.Kg2 Qb1 31.Be3 f5 32.exf6 Nxf6 33.Nxf6+ Bxf6 34.h7+ Kh8
35.Bh6 1-0

[Event "11th EUR-ch"]
[Site "Rijeka CRO"]
[Date "2010.03.11"]
[Round "6"]
[White "Nikolov, Momchil"]
[Black "Navara, David"]
[Result "0-1"]
[WhiteElo "2550"]
[BlackElo "2708"]
[EventDate "2010.03.06"]
[PlyCount "86"]

1.d4 Nf6 2.c4 g6 3.Nc3 d5 4.cxd5 Nxd5 5.Bd2 Bg7 6.e4 Nb6 7.Be3 O-O 8.Be2 
Nc6 9.Nf3 Bg4 10.d5 Bxf3 11.gxf3 Na5 12.Bd4 Qd6 13.Bxg7 Kxg7 14.Qd2 Qf6 
15.h4 Nac4 16.Qc1 e5 17.Nd1 Nd6 18.h5 g5 19.Ne3 Qe7 20.Qd2 f5 21.Qc2 Qf7 
22.Bd3 h6 23.O-O-O Rac8 24.Kb1 c6 25.Qc5 Qe7 26.dxc6 Rxc6 27.Qa5 fxe4 28.
Bxe4 Nbc4 29.Qd5 Rfc8 30.Nxc4 Nxc4 31.Qd7 Na3+ 32.bxa3 Rb6+ 33.Ka1 Rc1+ 
34.Rxc1 Qxd7 35.Rhd1 Rd6 36.Rxd6 Qxd6 37.Kb2 Qb6+ 38.Ka1 Qxf2 39.Rc7+ Kf8 
40.Rc8+ Ke7 41.Rg8 Qd4+ 42.Kb1 Kf7 43.Rg6 Qg1+ 0-1

[Event "11th EUR-ch"]
[Site "Rijeka CRO"]
[Date "2010.03.11"]
[Round "6"]
[White "Drazic, Sinisa"]
[Black "Sargissian, Gabriel"]
[Result "1/2-1/2"]
[WhiteElo "2545"]
[BlackElo "2675"]
[EventDate "2010.03.06"]
[PlyCount "150"]

1.Nf3 Nf6 2.b3 d5 3.Bb2 g6 4.e3 Bg7 5.c4 c6 6.Be2 O-O 7.O-O Bg4 8.Nc3 Nbd7
9.d4 Nb6 10.Nd2 Bxe2 11.Qxe2 e6 12.Rfd1 Re8 13.Rac1 Nbd7 14.h3 Qe7 15.Rc2 
Rad8 16.Nf3 Ne4 17.Nd2 f5 18.Nf1 Nxc3 19.Bxc3 Nf6 20.Be1 Qf7 21.f3 g5 22.
Bg3 Nh5 23.Bf2 Rd7 24.g4 Nf6 25.cxd5 Nxd5 26.Ng3 f4 27.Nh5 fxe3 28.Bxe3 e5
29.Bxg5 exd4 30.Qf1 Ne3 31.Bxe3 Rxe3 32.Kg2 Be5 33.Re2 Kf8 34.Rde1 Bf4 35.
Nxf4 Qxf4 36.Qf2 Rde7 37.Rxe3 dxe3 38.Qg3 Qd4 39.Re2 h5 40.Qb8+ Kg7 41.Qg3
Kf8 42.Qb8+ Kf7 43.Qg3 hxg4 44.fxg4 Kg7 45.Qf3 c5 46.Kg3 b5 47.Qf4 Re6 48.
h4 Qd3 49.Qg5+ Kf7 50.Qf5+ Qxf5 51.gxf5 Re4 52.Kf3 Rxh4 53.Rxe3 Kf6 54.
Re6+ Kxf5 55.Rc6 Rh3+ 56.Ke2 c4 57.bxc4 b4 58.Ra6 Ke4 59.Rxa7 Rh2+ 60.Ke1 
Ke3 61.Kd1 Kd3 62.Rd7+ Kc3 63.Ra7 Rh1+ 64.Ke2 Ra1 65.Ra4 Rh1 66.c5 Rh5 67.
c6 Rc5 68.Ra6 Kc4 69.Rb6 Kd5 70.Rxb4 Kxc6 71.Kd3 Rd5+ 72.Kc4 Rc5+ 73.Kb3 
Rb5 74.a4 Rxb4+ 75.Kxb4 Kb7 1/2-1/2

[Event "11th EUR-ch"]
[Site "Rijeka CRO"]
[Date "2010.03.11"]
[Round "6"]
[White "Moiseenko, Olexandr"]
[Black "Jovanovic, Zoran"]
[Result "1-0"]
[WhiteElo "2668"]
[BlackElo "2526"]
[EventDate "2010.03.06"]
[PlyCount "67"]

1.d4 Nf6 2.c4 d6 3.Nc3 e5 4.Nf3 e4 5.Ng5 Qe7 6.Qc2 Nc6 7.d5 Nd4 8.Qb1 e3 
9.fxe3 Nf5 10.e4 Nh4 11.g3 Ng6 12.Bg2 Ne5 13.Qc2 g6 14.Nf3 Nfd7 15.Nb5 Qd8
16.Bg5 Nxf3+ 17.exf3 Qxg5 18.Nxc7+ Kd8 19.f4 Qe7 20.Nxa8 b6 21.O-O Bg7 22.
Rad1 Bb7 23.Qa4 a6 24.Nxb6 Nxb6 25.Qa5 Qc7 26.e5 Qc5+ 27.Qxc5 dxc5 28.Rd3 
Bc8 29.Rc1 f6 30.Rb3 Na4 31.d6 Kd7 32.Bh3+ f5 33.Rb8 a5 34.Ra8 1-0

[Event "11th EUR-ch"]
[Site "Rijeka CRO"]
[Date "2010.03.11"]
[Round "6"]
[White "Meier, Georg"]
[Black "Anisimov, Pavel"]
[Result "1/2-1/2"]
[WhiteElo "2663"]
[BlackElo "2519"]
[EventDate "2010.03.06"]
[PlyCount "88"]

1.d4 Nf6 2.c4 e6 3.Nf3 b6 4.g3 Bb7 5.Bg2 Be7 6.O-O O-O 7.Nc3 Ne4 8.Bd2 d5 
9.cxd5 exd5 10.Rc1 Nd7 11.Bf4 c5 12.Nxe4 dxe4 13.Nd2 f5 14.b4 Kh8 15.bxc5 
bxc5 16.Nc4 cxd4 17.Qxd4 Nb6 18.Qxd8 Bxd8 19.Nd6 Bd5 20.Rc2 Be7 21.Rfc1 
Rad8 22.Nb5 a6 23.Nc3 Rd7 24.Rb1 Bd8 25.Nxd5 Nxd5 26.Bd2 Bf6 27.e3 Rd6 28.
Rb7 h6 29.Bf1 Ra8 30.Rc5 Ne7 31.Rc2 Nc6 32.Rb6 Rad8 33.Rxa6 Ne5 34.Rxd6 
Nf3+ 35.Kg2 Rxd6 36.Bb4 Rd1 37.a4 Rb1 38.Ba5 Kh7 39.Rc5 Kg6 40.Rc6 Ra1 41.
Bd8 Ne1+ 42.Kg1 Nf3+ 43.Kg2 Ne1+ 44.Kg1 Nf3+ 1/2-1/2

[Event "11th EUR-ch"]
[Site "Rijeka CRO"]
[Date "2010.03.11"]
[Round "6"]
[White "Macieja, Bartlomiej"]
[Black "Sedlak, Nikola"]
[Result "1-0"]
[WhiteElo "2625"]
[BlackElo "2570"]
[EventDate "2010.03.06"]
[PlyCount "95"]

1.Nf3 Nf6 2.c4 g6 3.Nc3 Bg7 4.e4 d6 5.d4 O-O 6.h3 e5 7.d5 a5 8.Bg5 Na6 9.
Nd2 Qe8 10.Be2 Nd7 11.g4 f6 12.Be3 Ndc5 13.Nb3 Na4 14.Nxa4 Qxa4 15.Rg1 Bd7
16.h4 Rfb8 17.Nc1 Qb4+ 18.Qd2 Nc5 19.f3 Kh8 20.Nd3 Qxd2+ 21.Kxd2 b6 22.h5 
gxh5 23.gxh5 f5 24.exf5 Bxf5 25.Nf2 h6 26.Rg3 a4 27.Rag1 Rg8 28.Ng4 Kh7 
29.Bxc5 bxc5 30.Ne3 Bd7 31.Bd3+ Kh8 32.Bf5 Rad8 33.Be6 Bxe6 34.dxe6 Bf6 
35.Rxg8+ Rxg8 36.Rxg8+ Kxg8 37.Nf5 Kf8 38.Kd3 Bg5 39.Ke4 Bc1 40.Kd5 Ke8 
41.Kc6 Bf4 42.Kb5 Kd8 43.Kxa4 c6 44.Kb3 d5 45.Kc2 e4 46.fxe4 dxe4 47.a4 
Bc7 48.Kd2 1-0

[Event "11th EUR-ch"]
[Site "Rijeka CRO"]
[Date "2010.03.11"]
[Round "6"]
[White "Tregubov, Pavel"]
[Black "Neverov, Valeriy"]
[Result "1-0"]
[WhiteElo "2625"]
[BlackElo "2542"]
[EventDate "2010.03.06"]
[PlyCount "65"]

1.d4 Nf6 2.c4 g6 3.Nc3 d5 4.Nf3 Bg7 5.e3 O-O 6.cxd5 Nxd5 7.Bc4 Nb6 8.Bb3 
c5 9.O-O Na6 10.Qe2 e6 11.Ne4 Bd7 12.Rd1 cxd4 13.exd4 Nd5 14.Ne5 Be8 15.
Qf3 Nac7 16.Qh3 f6 17.Nd3 Bc6 18.Bd2 Kh8 19.Nec5 Re8 20.Re1 Qd6 21.Ne4 Qf8
22.a4 Rad8 23.Rac1 Ne7 24.Bc3 Bd5 25.Bb4 Bxb3 26.Rxc7 Rxd4 27.Bc5 Rxe4 28.
Rxe4 f5 29.Nf4 fxe4 30.Nxg6+ Nxg6 31.Bxf8 Rxf8 32.Qxb3 Nf4 33.Rxg7 1-0

[Event "11th EUR-ch"]
[Site "Rijeka CRO"]
[Date "2010.03.11"]
[Round "6"]
[White "Oleksienko, Mykhailo"]
[Black "Mamedov, Nidjat"]
[Result "1/2-1/2"]
[WhiteElo "2525"]
[BlackElo "2623"]
[EventDate "2010.03.06"]
[PlyCount "89"]

1.e4 c5 2.Nf3 e6 3.d4 cxd4 4.Nxd4 a6 5.Nc3 Qc7 6.Be2 b5 7.O-O Bb7 8.f4 b4 
9.Na4 Bxe4 10.Be3 Nf6 11.c4 Nc6 12.Nb3 Be7 13.Bb6 Qb7 14.Nd2 d5 15.Nxe4 
dxe4 16.Qc2 O-O 17.Rad1 Nb8 18.c5 Rc8 19.f5 Nbd7 20.Qb3 Nxb6 21.cxb6 e5 
22.Kh1 Rd8 23.Bc4 Bf8 24.Qe3 Rdc8 25.b3 Kh8 26.Rfe1 h5 27.h3 Rc6 28.Bd5 
Nxd5 29.Rxd5 Rc1 30.Qxc1 Qxd5 31.Qc4 Qd2 32.Qxe4 Rb8 33.Qe2 Qg5 34.Qxe5 
Rd8 35.b7 Qd2 36.Qe2 Qd5 37.Qf3 Qd2 38.Qxh5+ Kg8 39.Qe2 Qf4 40.Qf3 Qxf3 
41.gxf3 Rb8 42.Kg2 Rxb7 43.Re8 Rb5 44.f6 gxf6 45.Re2 1/2-1/2

[Event "11th EUR-ch"]
[Site "Rijeka CRO"]
[Date "2010.03.11"]
[Round "6"]
[White "Skoberne, Jure"]
[Black "Gelashvili, Tamaz"]
[Result "1-0"]
[WhiteElo "2509"]
[BlackElo "2621"]
[EventDate "2010.03.06"]
[PlyCount "143"]

1.e4 e5 2.Nf3 d6 3.d4 exd4 4.Nxd4 Nf6 5.Nc3 Be7 6.g3 O-O 7.Bg2 Re8 8.O-O 
Nbd7 9.b3 Bf8 10.Bb2 Nc5 11.Re1 c6 12.Qd2 a5 13.a4 Qb6 14.h3 g6 15.Rad1 
Bd7 16.Qf4 Nh5 17.Qf3 Rad8 18.g4 Ng7 19.Qg3 Bc8 20.Re3 Nd7 21.f4 Ne6 22.
Nxe6 Rxe6 23.Kh1 Bg7 24.e5 dxe5 25.f5 Ree8 26.Ne4 Nc5 27.Nd6 Nxa4 28.Bxe5 
Qc5 29.Nxe8 Rxd1+ 30.Kh2 Bxe5 31.Qxe5 Qxe5+ 32.Rxe5 Nb6 33.Rxa5 gxf5 34.
gxf5 Rd8 35.Nf6+ Kg7 36.Ng4 f6 37.Kg3 Rd4 38.h4 Kf7 39.Nh6+ Kf8 40.Bf3 Rb4
41.Ng4 Ke7 42.h5 Bd7 43.Nf2 Nc8 44.Be4 Nd6 45.Kf3 Be8 46.h6 Nf7 47.Ke3 
Nxh6 48.Nd3 Rb6 49.Ra7 Bd7 50.Kf4 Nf7 51.Nc5 Bc8 52.Ra8 Nd6 53.c4 h5 54.
Bc2 Bd7 55.Ra1 Nf7 56.Re1+ Ne5 57.Nd3 Ra6 58.Nxe5 fxe5+ 59.Kg5 Ra2 60.
Rxe5+ Kf7 61.Re2 h4 62.Rd2 Bc8 63.c5 Ra1 64.Rd8 h3 65.Rxc8 Rg1+ 66.Kf4 h2 
67.Be4 h1=Q 68.Bxh1 Rxh1 69.Ke5 Re1+ 70.Kd6 Kf6 71.Rf8+ Kg5 72.Rf7 1-0

[Event "11th EUR-ch"]
[Site "Rijeka CRO"]
[Date "2010.03.11"]
[Round "6"]
[White "Belov, Vladimir"]
[Black "Podolchenko, Evgeniy"]
[Result "1/2-1/2"]
[WhiteElo "2619"]
[BlackElo "2502"]
[EventDate "2010.03.06"]
[PlyCount "149"]

1.Nf3 Nf6 2.c4 c5 3.Nc3 e6 4.g3 b6 5.Bg2 Bb7 6.O-O a6 7.Re1 d6 8.e4 Be7 9.
d4 cxd4 10.Nxd4 Qc7 11.Be3 Nbd7 12.f4 O-O 13.Rc1 Rac8 14.f5 e5 15.Nb3 Qxc4
16.Nd5 Bxd5 17.Rxc4 Bxc4 18.Nd2 Bb5 19.g4 h6 20.h4 Nh7 21.Bf2 Nc5 22.Bf1 
Bxf1 23.Nxf1 Nf6 24.g5 Nfxe4 25.Bxc5 Nxc5 26.b4 Nd7 27.f6 Nxf6 28.gxf6 
Bxf6 29.h5 Rc4 30.Ne3 Rd4 31.Qf3 Bg5 32.Nd5 f5 33.Rd1 Rg4+ 34.Kf1 Kh8 35.
Qc3 Rh4 36.Qc7 f4 37.Ne7 Rh1+ 38.Kg2 Rxd1 39.Ng6+ Kg8 40.Nxf8 Kxf8 41.Qxb6
Rd2+ 42.Kf3 Rxa2 43.Qb8+ Ke7 44.Qc7+ Kf8 45.Ke4 f3 46.Kxf3 Rb2 47.Qc3 e4+ 
48.Kxe4 Bf6 49.Qc8+ Ke7 50.Qb7+ Ke6 51.Qd5+ Kd7 52.Qb7+ Ke6 53.Qc8+ Ke7 
54.Qc7+ Ke6 55.Qc4+ Kd7 56.Kd3 Be5 57.Qf7+ Kc6 58.Qe8+ Kb7 59.Qd7+ Kb6 60.
Qd8+ Kb7 61.Kc4 Rc2+ 62.Kd5 Rc7 63.Qh4 Rc3 64.Ke6 Rc7 65.Qe4+ Ka7 66.Qe3+ 
Kb7 67.Qf3+ Ka7 68.Qe3+ Kb7 69.Qf2 Kc6 70.Qf3+ Kb5 71.Qa3 Kb6 72.Qa5+ Kb7 
73.b5 axb5 74.Qxb5+ Ka7 75.Qa5+ 1/2-1/2

[Event "11th EUR-ch"]
[Site "Rijeka CRO"]
[Date "2010.03.11"]
[Round "6"]
[White "Vorobiov, Evgeny"]
[Black "Morchiashvili, Bachana"]
[Result "1/2-1/2"]
[WhiteElo "2616"]
[BlackElo "2345"]
[EventDate "2010.03.06"]
[PlyCount "39"]

1.d4 Nf6 2.c4 e6 3.Nf3 b6 4.g3 Ba6 5.Nbd2 Bb4 6.Qc2 Bb7 7.Bg2 c5 8.dxc5 
Bxc5 9.O-O Be7 10.e4 d6 11.Nd4 Qc7 12.b3 a6 13.Bb2 O-O 14.Rac1 Nbd7 15.Qd3
Rac8 16.Qe2 Rfe8 17.g4 g6 18.Nc2 Qb8 19.f4 Qa8 20.g5 1/2-1/2

[Event "11th EUR-ch"]
[Site "Rijeka CRO"]
[Date "2010.03.11"]
[Round "6"]
[White "Hovhannisyan, Robert"]
[Black "Hracek, Zbynek"]
[Result "0-1"]
[WhiteElo "2498"]
[BlackElo "2615"]
[EventDate "2010.03.06"]
[PlyCount "102"]

1.e4 e5 2.Nf3 Nc6 3.Bb5 a6 4.Ba4 Nf6 5.O-O Be7 6.Re1 d6 7.c3 Bg4 8.d3 Nd7 
9.Nbd2 Nc5 10.Bc2 Ne6 11.h3 Bh5 12.Nf1 Ng5 13.Bxg5 Bxg5 14.Ng3 Bxf3 15.
Qxf3 g6 16.Rad1 O-O 17.Bb3 Kg7 18.d4 Qf6 19.Qd3 Na5 20.Bc2 b5 21.Qe2 Nc4 
22.Bb3 Nb6 23.Bd5 Rab8 24.Bc6 Nc8 25.a4 Na7 26.axb5 axb5 27.Bd5 c6 28.Ba2 
Nc8 29.Rd3 b4 30.Rf3 Qe7 31.Qc4 bxc3 32.bxc3 Rb2 33.Re2 Rxe2 34.Nxe2 Qa7 
35.Qb3 Bf6 36.dxe5 dxe5 37.Rd3 Rd8 38.Rxd8 Bxd8 39.Kf1 Nd6 40.Bb1 Bb6 41.
f3 h5 42.Qa2 Qe7 43.Qa6 Be3 44.g3 Qd7 45.Kg2 Nb5 46.Qa4 Qd2 47.Kf1 Bc5 48.
Qc4 Qe3 49.Ke1 Na3 50.Qd3 Qf2+ 51.Kd2 Be3+ 0-1